[Event "POL-chT U19 2nd League"]
[Site "Borowice"]
[Date "2012.07.27"]
[Round "9"]
[White "Baran, Radomil"]
[Black "Nawrocki, Karol"]
[Result "1/2-1/2"]
[WhiteElo "1364"]
[BlackElo "1578"]
[PlyCount "33"]
[EventDate "2012.07.21"]
[EventType "team-swiss"]
[EventRounds "11"]
[EventCountry "POL"]
[SourceTitle "EXT 2014"]
[Source "ChessBase"]
[SourceDate "2013.11.20"]
[SourceVersion "1"]
[SourceVersionDate "2013.11.20"]
[SourceQuality "1"]
[WhiteTeam "Rzeszow RzKSz U19"]
[BlackTeam "Gniezno LKS Chrobry U19"]
[WhiteTeamCountry "POL"]
[BlackTeamCountry "POL"]

1. e4 e6 2. d4 d5 3. e5 c5 4. c3 Nc6 5. Nf3 Qb6 6. Be2 Bd7 7. 0-0 cxd4 8. cxd4 Nge7 9. Nc3 Nf5 10. Na4 Qd8 11. a3 Rc8 12. Rb1 Be7 13. Bf4 Qa5 14. Bd2 Qd8 15. Bf4 Qa5 16. Bd2 Qd8 17. Bf4 1/2-1/2

[Event "POL-chT U19 2nd League"]
[Site "Borowice"]
[Date "2012.07.25"]
[Round "6"]
[White "Zarnowski, Krzysztof"]
[Black "Baran, Radomil"]
[Result "1-0"]
[WhiteElo "1732"]
[BlackElo "1364"]
[PlyCount "89"]
[EventDate "2012.07.21"]
[EventType "team-swiss"]
[EventRounds "11"]
[EventCountry "POL"]
[SourceTitle "EXT 2014"]
[Source "ChessBase"]
[SourceDate "2013.11.20"]
[SourceVersion "1"]
[SourceVersionDate "2013.11.20"]
[SourceQuality "1"]
[WhiteTeam "Gorlice GKSz Kornuty U19"]
[BlackTeam "Rzeszow RzKSz U19"]
[WhiteTeamCountry "POL"]
[BlackTeamCountry "POL"]

1. d4 Nf6 2. c4 g6 3. Nc3 Bg7 4. e4 d6 5. Be2 0-0 6. Bg5 Nbd7 7. Qd2 e5 8. d5 a5 9. 0-0-0 Nc5 10. f3 Bd7 11. g4 Ba4 12. Nxa4 Nxa4 13. h4 Qd7 14. h5 Rac8 15. Bd3 c6 16. Kb1 b6 17. Ne2 Nc5 18. Rh2 Nxd3 19. Qxd3 c5 20. Nc3 Qe7 21. Qe3 Rc7 22. Rdh1 Qd8 23. Ne2 a4 24. a3 Rb7 25. Nc3 Ra7 26. Qd2 Qd7 27. Nb5 Raa8 28. Bxf6 Bxf6 29. hxg6 fxg6 30. Rxh7 Qxh7 31. Rxh7 Kxh7 32. Nxd6 Be7 33. Qh2+ Kg8 34. Qxe5 Bxd6 35. Qxd6 Rxf3 36. Qxg6+ Kh8 37. d6 Rd8 38. e5 Rff8 39. g5 Rfe8 40. e6 Ra8 41. d7 Re7 42. Qf6+ Rg7 43. d8Q+ Rxd8 44. Qxd8+ Rg8 45. e7 1-0